00884nam a2200169Ia 4500008004100000050001300041100003500054240004000089245010800129260004300237300001800280500004800298500006900346505021900415650003600634650004400670120626s1972 mx 000 0 spa d aU21bF66 aFornari, Francod1921 -eautor aPsicanalisi della guerralespañol aPsicoanálisis de la guerrac/ Franco Fornari; traducción de Leonicio Lara y Rosa Ma. Álvarez Lara aMéxicob: Siglo XXI editoresc, 1972 a286 páginas aTítulo original: Psicanalisi della guerra aIncluye: Introducción (pp. 1 - 27), Apéndice (pp. 254 - 286) aEl fenómeno de la guerra La guerra en las sociedades primitivas Literatura psicoanalítica sobre la guerra Fundación y funciones del grupo Reflexiones psicoanalíticas sobre la situación atómica  0aGUERRAxASPECTOS PSICOLÓGICOS 0aGUERRA NUCLEARxASPECTOS PSICOLÓGICOS